000 00334nam a2200133Ia 4500
008 240624s9999 xx 000 0 und d
041 _aeng
082 _a823 PER
100 _aPERRY THOMAS
245 _aRUNNER NO MATTER HOW FAST YOU RUN YOU CA
260 _c2009
_aNew Delhi
_bQuercus
300 _a441 : p. : cm. ; 20
365 _cRS
999 _c24083
_d24083